Statistiques concernant Disney paroles - Mon chant d'espoir (le roi lion 2)

Cliquez ici pour prendre le quiz!

Statistiques générales

  • Ce quiz a été pris 243 fois
    (233 depuis la dernière actualisation)
  • Le résultat moyen est 170 sur 216

Statistiques - réponses

HintRéponse% Correct
mon
98%
Mon
98%
de
97%
à
94%
se
94%
ma
93%
m'a
93%
ce
92%
chant
92%
des
92%
92%
La
92%
la
92%
tu
92%
Tu
92%
d'espoir
91%
d'espoir.
91%
le
91%
Le
91%
C'est
90%
c'est
90%
Je
90%
je
90%
petit
90%
roi.
90%
Sa
90%
sera
90%
Un
90%
un
90%
Dors
89%
Mais
89%
mais
89%
deviendras
88%
grand
88%
grand.
88%
quand
88%
Quand
88%
qui
88%
Il
87%
jour
87%
Kovu.
87%
Kovu
87%
pour
87%
seras
87%
est
86%
me
86%
s'en
86%
qu'il
84%
Simba
84%
bien
83%
ne
83%
toi
83%
dans
82%
gentil
82%
sans
82%
mes
81%
pas
81%
que
81%
Scar
81%
fait
80%
les
80%
Les
80%
va
80%
choisi
79%
j'ai
79%
pense
79%
coeur
78%
fille
78%
Rêve,
78%
tout
78%
Zira
78%
griffes
77%
par
77%
quelques
77%
chasser
76%
d'ici
76%
noir
76%
sais
76%
son
76%
Son
76%
entre
75%
impatiences
75%
nuit
74%
veux
74%
chat
73%
n'est
73%
pitié
73%
plait
73%
supporte
73%
dire
72%
pleure
72%
travail
72%
vive
72%
abandonnée,
71%
bataille
71%
fais
71%
Alors
70%
chassée,
70%
du
70%
lourd
70%
lui
70%
pattes
70%
trop
70%
velours
70%
Ecoute
69%
être
69%
guerre.
69%
persecutée,
69%
rugissements
69%
tambours
69%
défense.
68%
dois
68%
hurlements
68%
meurt
68%
pardonner
68%
pu
68%
s'achève
68%
t'es
68%
soupir
67%
caresse
66%
dernier
66%
exténué.
66%
héros.
66%
J'aurai
66%
aimer
65%
certainement
65%
l'ennui
64%
symphonie
64%
d'oublier
63%
règne
63%
tenté
63%
vengeance.
63%
Envole-toi.
62%
mélodie
62%
Oui
62%
Pourtant
61%
soif
61%
termite
61%
cauchemar.
60%
grognements
60%
ciel
59%
victoire.
59%
vilain
59%
départ
58%
j'entends
58%
ParolesChut
56%
vois
53%
bravos.
52%
Rougi
51%
Songeant
49%
notre
46%
contre-point
43%
rêves
35%
ainsi
23%
étandard
19%
vos
16%

Distribution des résultats

Percentile par nombre de réponses

% des personnes avec chaque résultat

Votre développement - résultats

Vous n’avez pas pris ce quiz depuis la dernière actualisation